Doom 2016 & Doom Eternal Bosses - Statistics

General Stats
  • This quiz has been taken 157 times
    59 since last reset
  • The average score is 7 of 11
Answer Stats
Bosses % Correct
Doom Eternal Icon of Sin
89%
Doom 2016 Cyberdemon
86%
Doom Eternal Doom Hunter
73%
Doom Eternal Khan Maykr
73%
The Ancient Gods The Dark Lord
73%
Doom Eternal Gladiator
70%
Doom 2016 Spider Mastermind
68%
Doom Eternal Marauder
59%
The Ancient Gods Samur Maykr
57%
Doom 2016 Hell Guards
55%
The Ancient Gods The Trial of Maligog
41%
No matching quizzes found
Score Distribution
Percent of People with Each Score
Percentile by Number Answered
Your Score History
You have not taken this quiz since the last reset